000 00545nam a2200193Ia 4500
003 GCL
008 140319s9999 xx 000 0 aSpa d
040 _aGCL /
_cGCL
082 0 4 _a892.76
_bN V
100 1 _aNAGUIB MAHFOUZ
245 1 0 _aVELADAS DEL NILO (SPANISH LANGUAGE) /
_cNAGUIB MAHFOUZ
260 _a[S.N] :
_bTHE AMERICAN UNIVERSITY IN CAIRO PRESS ،
_c1989
300 _a181 PP
650 0 4 _aLITERATURE
650 0 4 _aARABIC LITERATURE
650 0 4 _aARABIC FICTION
650 0 4 _aARABIC LITERATURE - TRANSLATION
942 _2ddc
_cBK
999 _c18459
_d18459